| 000 | 00473nam a22001817a 4500 | ||
|---|---|---|---|
| 999 |
_c1226 _d1226 |
||
| 005 | 20221216105558.0 | ||
| 008 | 221216b ||||| |||| 00| 0 eng d | ||
| 020 | _a9789673852741 | ||
| 040 | _cKH8 | ||
| 082 | _a741.5 BAI M | ||
| 100 |
_aBai, Shui, _d1984-, _eAuthor |
||
| 245 | _aMo gu xiao yuan | ||
| 260 |
_aSelangor: _bGala Unggul Resources Sdn Bhd _c2014. |
||
| 300 |
_a139 p _bcolour illustrations _c21 cm |
||
| 440 | _a04 | ||
| 546 | _aMANDARIN | ||
| 942 |
_2ddc _cGN |
||